Statistics for Countries with 2 words Or more (Part 2)

Click here to take the quiz!

General Stats

  • This quiz has been taken 10 times
  • The average score is 13 of 15

Answer Stats

Answer% Correct
New Zealand
100%
San Marino
100%
Saudi Arabia
100%
South Africa
100%
South Korea
100%
Marshall Islands
90%
Saint Lucia
90%
Solomon Islands
90%
South Sudan
90%
Papua New Guinea
80%
St Kitts and Nevis
80%
St Vincent and the Grenadines
80%
Federated States of Micronesia
70%
Sierra Leone
70%
São Tomé and Príncipe
60%

Score Distribution

Percentile by Number Answered

Percent of People with Each Score

Your Score History

You have not taken this quiz